Представление документа в формате RUSMARC

ПолеНазваниеЗначение
  Тип записи c
  Библиографический уровень c
001 Контрольный номер RU/SLIB/B/208753083
005 Дата корректировки 20201206204140.4
010 Индекс ISBN __
d Цена 0-45
101 Язык документа __
a Язык текста rus
200 Заглавие и сведения об ответственности 1_
a Заглавие Песня зовет в дорогу
e Сведения, относящиеся к заглавию песенник туриста : мелодии и тексты песен
b Общее обозначение материала Ноты
h Номер части Вып. 1
210 Выходные данные __
a Место издания Л.
c Издательство Музыка
d Дата издания 1988
215 Физическое описание __
a Объем 48 с.
c Иллюстрации/тип воспроизводства ноты
606 Тематические рубрики __
a Основная рубрика Музыка и зрелищные искусства
606 Тематические рубрики __
a Основная рубрика Вокальная музыка
610 Ключевые слова __
a Ключевые слова вокальные произведения; песни; ноты; советская музыка; тема туризма; тема путешествий; песни о туризме
686 Индексы других классификаций __
a Классификационный индекс ст85.94я438
801 Источник записи _0
a Страна RU
b Организация Муниципальное бюджетное учреждение культуры "Централизованная библиотечная система" г. Сургут (Центральная городская библиотека им. А. С. Пушкина)
g Правила каталогизации КиК/Уланова
801 Источник записи _1
a Страна RU
b Организация Муниципальное бюджетное учреждение культуры "Централизованная библиотечная система" г. Сургут (Центральная городская библиотека им. А. С. Пушкина)
g Правила каталогизации КиК/Уланова
852 Данные о местонахождении __
j Шифр хранения ст85.94я438
c Каталожный индекс ст85.94я438
i Авторский знак П 28
p Инвентарный номер Б/Н
901 Тип документа 1_
t Тип документа x
969 Тип издания __
a Тип издания сборник
990 Данные о заказе (DOS) __
j Количество экземпляров (DOS) 1